000 01237nam0a22003011 4500
001 rc\3502214
005 20250610025118.0
021 _aRU
_b[74-98678]
035 _a(NLR Aleph) 007653584
090 _a6255380
_c6255380
100 _a20130115d1974 |||y0rusy50 ca
101 0 _arus
102 _aRU
105 _ay z |||||
200 1 _aЭкономический анализ хозяйственной деятельности предприятий строительных материалов
210 _aМинск
_cБеларусь
_d1974
215 _a239 с.
_d21
300 _aПеред загл. авт.: К.И. Беляй, Ш.П. Дубшан, Х.Д. Левин
320 _aСписок лит.: с. 235-236
606 _aПромышленность строительных материалов, предприятия
_xАнализ хозяйственной деятельности
_2psbo
700 1 _aБеляй
_bК.И.
_gКузьма Иванович
701 1 _aДубшан
_bШ.П.
_gШолом Пейсахович
701 1 _aЛевин
_bХ.Д.
_gХаим Давыдович
801 0 _aRU
_bNLR
_gpsbo
801 1 _aRU
_bELAR
_2rusmarc
852 _aNLR
_j74-3/5993
942 _cBOOK
980 _aNB